000 005640000a22001930004500
020 _a84-921503-2-7
041 0 _aSPA
082 0 4 _aG 232 M331h
100 1 _aMarguerat, Daniel (1943-)
245 1 0 _aEl hombre que vino de Nazaret / Daniel Marguerat ; Humberto Capó Pascual, Traductor
260 _aBarcelona : Gayata
300 _a103 Pág.
500 _aTítulo original : L'homme qui venait de Nazareth
001 13870
942 _cBK
999 _c42808
_d42808
336 _atexto
_btxt
_2rdacontent
337 _2rdamedia
_asin mediación
_bn
338 _2rdacarrier
_avolumen
_bnc